Statistiques concernant Les joueurs les plus capés de Premier League

Cliquez ici pour prendre le quiz!

Statistiques générales

  • Ce quiz a été pris 253 fois
  • Le résultat moyen est 4 sur 11

Statistiques - réponses

Nombre de matchsClubJoueur% Correct
609Milieu de terrainChelseaFranck Lampard
93%
504Milieu de terrainLiverpoolSteven Gerrard
89%
504DéfenseurManchester UnitedRio Ferdinand
82%
632Milieu de terrainManchester UnitedRyan Giggs
79%
505DéfenseurManchester UnitedPhil Neville
39%
508DéfenseurLiverpoolJamie Carragher
36%
572Gardien de butLiverpoolDavid James
10%
653Milieu de terrainAston VillaGareth Barry
10%
516AttaquantLiverpoolEmile Heskey
3%
514Gardien de butMiddlesbroughMark Schwarzer
3%
535Milieu de terrainLeeds UnitedGary Speed
2%

Distribution des résultats

Percentile par nombre de réponses

% des personnes avec chaque résultat

Votre développement - résultats

Vous n’avez pas pris ce quiz